000 00321 a2200157 4500
001 59925
020 _a9783789140259
040 _cAnchieta - Pituba
100 _aKostick, Conor
240 1 0 _aEpic
_lpor
245 1 0 _aEpic
300 _a365
362 0 _a2006
650 4 _aLiteratura juvenil em alemão
942 _cBK
999 _c59925
_d59925